| 000 | 00564nam a2200229 a 4500 | ||
|---|---|---|---|
| 001 | nice12345678 | ||
| 003 | IN_TiNIC | ||
| 005 | 20260116011858.0 | ||
| 008 | 070319s1880 lasa grp 000 0 eng | ||
| 020 |
_a _c100 |
||
| 082 | 0 | 0 |
_a200.1 _bCAI |
| 100 | _aCaird, John | ||
| 245 | _aAn Introduction to the Philosophy of Religion | ||
| 260 |
_aLasgow _bJames Maclehose _c1880 |
||
| 300 | _a358p | ||
| 500 | _aincludes index and biblioraphy | ||
| 650 | _aReligion-Philosophy | ||
| 700 | 1 | _aCaird, John | |
| 902 | _bSRS | ||
| 942 | _cBK | ||
| 999 |
_c4660 _d4660 |
||